F1 - 2025 FP1 Drivers - Statistics

General Stats
  • This quiz has been taken 18 times
  • The average score is 10 of 25
Answer Stats
Hint Answer % Correct
Arvid Lindblad
80%
Bahrain Alpine
60%
Abu Dhabi Haas
60%
McLaren
60%
Mercedes
60%
Mexico Aston Martin
53%
Hungary Ferrari
53%
Racing Bulls
53%
Pato O'Ward
47%
Red Bull Racing
47%
Austria Williams
47%
Alex Dunne
40%
Monza Felipe Drugovich
40%
Antonio Fuoco
33%
Arthur Leclerc
33%
Silverstone Dino Beganovic
33%
Jak Crawford
33%
Kick Sauber
33%
Spain Luke Browning
33%
Paul Aron
33%
Ayumu Iwasa
27%
Frederik Vesti
27%
Japan Ryō Hirakawa
27%
Victor Martins
20%
Cian Shields
13%
No matching quizzes found
Score Distribution
Percent of People with Each Score
Percentile by Number Answered
Your Score History
You have not taken this quiz